Statistics for Top 10 Countries in The Americas with the Most Indigenous Population

Click here to take the quiz!

General Stats

  • This quiz has been taken 154 times
  • The average score is 9 of 10

Answer Stats

Population%Answer% Correct
27,5 million21,5%Mexico
99%
1,7 million4,9%Canada
96%
1,6 million9,0%Chile
96%
1,5 million3,4%Colombia
96%
4,0 million12,5%Peru
96%
4,3 million1,3%United States
96%
1,0 million2,2%Argentina
93%
1,1 million6,4%Ecuador
93%
8,0 million45,0%Guatemala
93%
5,5 million48,0%Bolivia
89%

Score Distribution

Percentile by Number Answered

Percent of People with Each Score

Your Score History

You have not taken this quiz